00803cam a2200241 i 450000100040000000500170000400800410002102000290006204000280009105000240011908200140014310000310015724500630018826000340025130000230028550500060030852001200031452100180043452100180045265000360047065000320050665000230053856920230616141753.0130722s2014 nyu c 000 1 eng  a9780399257148 (hardback) aDLCbengcDLCerdadDLC00aPZ7.W86335bBl 201400a[Fic]2231 aWoods, Brendaq(Brenda A.)14aThe blossoming universe of Violet Diamond /cBrenda Woods. aNew York :bScholastic.c2016 a222 pages ;c22 cm aM a"A biracial girl finally gets the chance to meet the African American side of her family"--cProvided by publisher. a670 bLexile aM bRaz-Plus 1aRacially mixed peoplevFiction. 1aAfrican AmericansvFiction. 1aFamiliesvFiction.